Statistiques concernant Créatures fantastiques par définition #5

Cliquez ici pour prendre le quiz!

Statistiques générales

  • Ce quiz a été pris 131 fois
    (96 depuis la dernière actualisation)
  • Le résultat moyen est 8 sur 15

Statistiques - réponses

IndiceCréature% Correct
Dans la hiérarchie des anges, forment le second niveau, juste au-dessus des anges eux-mêmes.Archange
77%
Créature mythologique grecque, à corps d'homme, à cornes et à pieds de bouc, décrit comme prompt à l'excitation sexuelle.Satyre / Silène
68%
Dans la mythologie grecque, créature fantastique malfaisante dont le corps tenait généralement pour moitié du lion et pour l'autre moitié de la chèvre, et qui avait la queue d'un serpent.Chimère
67%
Dans la mythologie grecque et romaine,divinités subalternes membres d’un large groupe d’esprits de sexe féminin associé à la nature.Nymphe
67%
Animal supposé, à l'origine d'une série d'attaques contre des humains survenues entre 1764 et 1767, principalement en Lozère.Bête du Gévaudan
63%
Créature légendaire représentée avec le corps d'un aigle (tête, ailes et serres) greffé sur l'arrière d'un lion (abdomen, pattes et queue), et muni d'oreilles de cheval.Griffon / Grype
62%
Dans la culture populaire, sorcier capable de communiquer avec les morts, de causer la mort, comme d'animer un cadavre sans pour autant lui redonner vie.Nécromancien / Nécromant
59%
Créature mythologique grecque et romaine, à corps d'oiseau et à tête de femme.Harpie / Harpye
58%
Dans la mythologie nordique, vierges guerrières revêtues d’une armure, dirigeant les batailles, distribuant la mort parmi les guerriers, et guides de l’âme des héros au Valhalla.Valkyrie / Walkyrie
58%
Dans la mythologie, le folklore et plusieurs traditions, une créature démoniaque de petite taille, décrits comme de petites êtres espiègles agités, souvent associés au Diable.Diablotin
50%
Petite créature humanoïde légendaire, souvent confondu avec les lutins et les gobelins, caractérisé par une très petite taille, une vie souterraine, et une grande connaissance des secrets.Gnome
44%
Dans la culture populaire, un être mort mais qui continue à s'animer, ou parfois les esprits de personnes mortes qui se manifestent.Mort-Vivant
32%
Créature surnaturelle et maléfique de la mythologie Amérindienne, possédant et dévorant les humains.Wendigo
23%
Créatures surnaturelles du folklore japonais, souvent représentés comme des esprits malfaisants ou simplement malicieux.Yōkai
19%
Créature fantastique mythologique qui prend la forme d'un dragon ou d'un serpent la plupart du temps ailé.Vouivre / Guivre / Wivre / Wyvern
14%

Distribution des résultats

Percentile par nombre de réponses

% des personnes avec chaque résultat

Votre développement - résultats

Vous n’avez pas pris ce quiz depuis la dernière actualisation